| 000 | 02448nam0a2200373 i 4500 | ||
|---|---|---|---|
| 001 | RU\NLR\bibl\2078133 | ||
| 005 | 20241104141111.0 | ||
| 010 |
_a9785905163241 _91000 |
||
| 021 |
_aRU _b2013-1931и _9220и |
||
| 035 | _a(nilc)RuMoRGB-006626779 | ||
| 035 | _a(NLR Aleph) 002063619 | ||
| 090 |
_a4692332 _c4692332 |
||
| 100 | _a20130812d2013 u y0rusy50 ca | ||
| 101 | 0 | _arus | |
| 102 | _aRU | ||
| 105 | _aa z ||||| | ||
| 200 | 1 |
_aТворчество нижегородских художников во времени и пространстве _eк 80-летию Нижегородского областного отделения Всероссийской творческой общественной организации "Союз художников России" _eальбом-справочник _fМ-во культуры Нижегор. обл. [и др. _gсост.: Квач Н.В. и др. _gавт. ст.: Квач Н.В. _gвступ. слово: В.П. Шанцев и др.] |
|
| 210 |
_aНижний Новгород _cЛитера _d2013 |
||
| 215 |
_a242, [1] _cил., цв. ил., портр. _d24 |
||
| 300 | _aНа обл. подзаг.: Нижегородское областное отделение Всероссийской творческой общественной организации Союз художников России, 1933-2013 | ||
| 300 | _aВ надзаг. также: Администрация г. Нижнего Новгорода, Нижегор. обл. отд-ние ВТОО "Союз художников России" | ||
| 320 | _aБиблиогр.: с. 242 | ||
| 601 | 0 | 2 |
_aСоюз художников России _bНижегородская организация _jАльбомы _92160291 _3RU\NLR\auth\661604830 |
| 606 | 1 |
_aИзобразительное искусство русское _jАльбомы _yНижегородская область _z20 - 21 вв. _92569794 _3RU\NLR\auth\661519694 |
|
| 686 | _aЩ103(2Р)7л5я61 | ||
| 686 | _aЩ103(2Р=Рус)7-692Нижегородская обл. я61 | ||
| 702 | 1 |
_aКвач _bН. В. _gНаталья Викторовна _4220 |
|
| 712 | 0 | 1 |
_aНижегородская область _bМинистерство культуры |
| 801 | 0 |
_aRU _bРГБ _c20130812 _gRCR |
|
| 801 | 1 |
_aRU _bРГБ _c20130812 _2rusmarc |
|
| 801 | 2 |
_aRU _bNLR _c20131002 _grcr |
|
| 942 | _cBOOK | ||
| 980 | _aNBR | ||